header

Resource windfalls, optimal public investment and redistribution (Record no. 49883)

MARC details
000 -LEADER
fixed length control field 01358nam a2200325Ia 4500
100 1# - MAIN ENTRY--AUTHOR NAME
Personal name Arezki, Rabah.
245 10 - TITLE STATEMENT
Title Resource windfalls, optimal public investment and redistribution
260 ## - PUBLICATION, DISTRIBUTION, ETC. (IMPRINT)
Place of publication Washington, D.C. :
Name of publisher International Monetary Fund,
Year of publication c2012.
300 ## - PHYSICAL DESCRIPTION
Number of Pages 33 p. :
Other physical details ill.
490 0# - SERIES STATEMENT
Series statement IMF working paper ;
650 #0 - SUBJECT ADDED ENTRY--TOPICAL TERM
Topical Term Factors of production
Topical Term Rate of return.
700 1# - ADDED ENTRY--PERSONAL NAME
Personal name Dupuy, Arnaud.
Personal name Gelb, Alan H.
856 40 - ELECTRONIC LOCATION AND ACCESS
Uniform Resource Identifier http://site.ebrary.com/lib/rucke/Doc?id=10627087

No items available.

© 2026 Rongo University
Contact us: librarian | system librarian | Rongo university